[Event "Liptovsky Jan op"]
[Site "Liptovsky Jan"]
[Date "2022.06.25"]
[Round "4"]
[White "Lesko, Ondrej"]
[Black "Kovacik, Oliver1111"]
[Result "0-1"]
[WhiteElo "1000"]
[BlackElo "1205"]
[PlyCount "86"]
[EventDate "2022.06.23"]
[EventType "swiss"]
[EventRounds "7"]
[EventCountry "SVK"]
[SourceTitle "CBM 209 Extra"]
[Source "ChessBase"]
[SourceDate "2022.09.30"]
[SourceVersion "1"]
[SourceVersionDate "2022.09.30"]
[SourceQuality "1"]

1. e4 Nf6 2. Nc3 d6 3. Nf3 g6 4. Bc4 Bg7 5. d4 Nxe4 6. Nxe4 d5 7. Bxd5 Qxd5 8. Nc3 Qd6 9. 0-0 a6 10. Ne4 Qd8 11. Bf4 Bf5 12. Nc3 Nc6 13. Be3 0-0 14. Re1 Qd7 15. g3 Nb4 16. Rc1 Qc6 17. a3 Nxc2 18. Rxc2 Bxc2 19. Qxc2 Qxf3 20. Qe4 Qxe4 21. Nxe4 Rfd8 22. Rd1 e5 23. d5 b6 24. Bg5 Rf8 25. b4 f6 26. Be3 Rfd8 27. a4 b5 28. axb5 axb5 29. Bc5 Ra2 30. Nc3 Rc2 31. Nxb5 c6 32. Na3 Rc3 33. Nb1 Rb3 34. Nd2 Rd3 35. Be7 R8xd5 36. Rb1 Rxd2 37. Ra1 Rc2 38. Ra8+ Kf7 39. Ra7 Ke6 40. g4 Rdd2 41. Ra6 Rxf2 42. b5 Rfd2 43. b6 Rd1# 0-1